000 00627nam a22002177a 4500
003 OSt
005 20260417133425.0
008 260417b |||||||| |||| 00| 0 eng d
020 _a9781975176983
040 _cNLM
082 _aWN445 R111d 2023
100 _aRaatz, Susan Stephenson; Dmitrieva, Julia
_919588
245 _aDiagnostic Medical Sonography Obstetrics and Gynecology
250 _a5th ed.
260 _aPhiladelphia; Wolters kluwer, 2023
504 _aReferences, & index included
650 _aDiagnostic imagining
_919589
650 _aObstetrics
_95
650 _aGynecology
_91956
942 _2z
_cO_SHELF
999 _c9635
_d9635